Economía ambiental
Shranjeno v:
| Main Authors: | , |
|---|---|
| Format: | Knjiga |
| Jezik: | španščina |
| Izdano: |
Madrid
McGraw-Hill Interamericana
2003
|
| Izdaja: | 3a. ed |
| Teme: | |
| Oznake: |
Označite
Brez oznak, prvi označite!
|
MARC
| LEADER | 00000nam a2200000 a 4500 | ||
|---|---|---|---|
| 001 | UCL9840 | ||
| 003 | CL-VaPUC | ||
| 008 | 040827e20030000SP |||||||||||||||||spa|d | ||
| 020 | |a 8448139437 | ||
| 082 | 0 | 4 | |a 333.7 |b FIE |2 21 |
| 100 | 0 | |a Field, Barry C |e author |9 487759 | |
| 700 | 0 | |a Field, Marta K |e author |9 487760 | |
| 245 | 1 | 0 | |a Economía ambiental |
| 250 | |a 3a. ed | ||
| 300 | |a 556 p | ||
| 942 | |c BK | ||
| 945 | |d 20040827 00:00:00 |a cmena | ||
| 260 | |a Madrid |b McGraw-Hill Interamericana |c 2003 | ||
| 650 | 0 | |a Medio ambiente |9 257625 | |
| 650 | 0 | |a Política ambiental |9 262970 | |
| 650 | 0 | |a Protección del medio ambiente |9 257626 | |
| 650 | 0 | |a Contaminación ambiental |9 314181 | |
| 650 | 0 | |a Recursos naturales |9 255232 | |
| 650 | 0 | |a Desarrollo sustentable |9 333905 | |
| 583 | |a last modification |c 20111003 07:29:03 |k Rodrigo Vera | ||
| 999 | |c 310483 |d 310481 | ||
| 952 | |0 0 |1 0 |4 0 |6 333_700000000000000_FIE_2003 |7 0 |8 A |9 379017 |a BIBING |b BIBING |d 2019-11-21 |i 4055438 |o 333.7 FIE 2003 |p 4055438 |r 2025-01-20 |w 2019-11-21 |y BK |k CCL | ||